Datum a čas kvízu
26
Celkem bodů
Celkový počet nahraných bodů na tomto kvízu bez doplňovacích otázek.
5.
Pořadí na kvízu
Konečné umístění týmu na tomto kvízu.
Zaznamenané odpovědi
| # | Otázka | Odpověď | Body | Výsledky |
|---|---|---|---|---|
| 1. | Zdravotní pojišťovny zveřejnil... | 1 | ||
| 2. | Do prodejny mobilů přišla žena... | 1 | ||
| 3. | Jak se nazývá snímek, který zí... | 1 | ||
| 4. | Minulý týden byla vydána další... | 0 | ||
| 5. | Základní část naší hokejové ex... | 0 | ||
| 6. | V tomto tématu si posvítíme na... | 1 | ||
| 7. | Které jsou nejrozšířenější jaz... | 1 | ||
| 8. | Největší jezera na světě co do... | 1 | ||
| 9. | Státy USA s největší rozlohou:... | 0 | ||
| 10. | Evropské země podle rozlohy: 1... | 0 |